000 00316nam a2200121Ia 4500
005 20251222154327.0
008 251222s9999||||xx |||||||||||||| ||spa||
020 _a9972-34-280-8
082 _a658.404/A52
100 _a"Amaya Pingo, Pedro Manuel"
245 0 _aDiseƱo de proyectos de desarrollo local
942 _cLIB
999 _c33992
_d33992